000 02283nam0a22002531 4500
001 rc\2952038
005 20110830191722.2
035 _a(NLR Aleph) 007099598
090 _a6656912
_c6656912
100 _a20110830d1937 |||y0rusy50 ca
101 0 _arus
102 _aRU
105 _aa z |||||
200 1 _aРечь тов. Сталина на Совещании передовых комбайнеров и комбайнерок 1-го декабря 1935 г.
210 _aпос. Собинка
_cБ. и.
_d1937
215 _a52 с., 1 л. табл.
_d21 см
423 0 _12001#$a2. Об итогах 1936 сельскохозяйственного года и мероприятиях по подготовке к весеннему севу 1937 года$eПостановление пленума Обкома ВКП(б) от 28 дек. 1936 г.
_15171#$aОб итогах 1936 сельскохозяйственного года и мероприятиях по подготовке к весеннему севу 1937 года$eПостановление пленума Обкома ВКП(б) от 28 дек. 1936 г.
423 0 _12001#$a3. Об итогах 1936 сельскохозяйственного года, государственного плана весеннего сева на 1937 год и мероприятиях по повышению урожайности и подготовке к севу в 1937 г.$eПостановление объединенного пленума Собин. райкома ВКП(б) и Райисполкома от 26-27 янв. 1937 г. ...
_15171#$aОб итогах 1936 сельскохозяйственного года, государственного плана весеннего сева на 1937 год и мероприятиях по повышению урожайности и подготовке к севу в 1937 г.$eПостановление объединенного пленума Собин. райкома ВКП(б) и Райисполкома от 26-27 янв. 1937 г. ...
700 1 _aСталин
_bИ. В.
_f1879-1953
_gИосиф Виссарионович
801 0 _aRU
_bNLR
_gpsbo
801 1 _aRU
_bELAR
_2rusmarc
852 _aNLR
_j60-4/6294
942 _cBOOK
980 _aNB